000 00596nam a2200181Ia 4500
008 100917s9999 xx 000 0 und d
082 _b13305
100 _aतडाल रामचंद्रराव
245 _aकवितासंग्रह रामचंद्रकृत
260 _b---
_c1910
300 _a165
365 _b0
520 _aकविता
630 _aकवितासंग्रह रामचंद्रकृत
650 _aकविता
730 _aकवितासंग्रह रामचंद्रकृत
942 _cBOOK
999 _c618699
_d618696